[Event "Washington int."]
[Site "Rockville USA"]
[Date "2016.08.14"]
[Round "4"]
[White "Shetty, Atulya"]
[Black "Preotu, Razvan"]
[Result "0-1"]
[WhiteElo "2409"]
[BlackElo "2469"]
[WhiteFideId "-1"]
[WhiteFideId "-1"]
[PlyCount "114"]
[GameId "2130307641776583"]
[EventDate "2016.08.13"]
[EventType "swiss"]
[EventRounds "9"]
[EventCountry "USA"]
[SourceTitle "Mega2016 Update 47"]
[Source "Chessbase"]
[SourceDate "2016.08.26"]
[SourceVersion "1"]
[SourceVersionDate "2016.08.26"]
[SourceQuality "1"]

1. c4 e5 2. g3 Nc6 3. Nc3 Bc5 4. Bg2 d6 5. a3 a6 6. b4 Ba7 7. Nf3 Nf6 8. d3 h6 9. O-O O-O 10. Bb2 Be6 11. Rc1 Qd7 12. e3 Rfe8 13. Re1 Rad8 14. Qc2 Ne7 15. c5 Bh3 16. Bh1 Ng6 17. Na4 Qf5 18. Nd2 c6 19. Ne4 d5 20. Nxf6+ Qxf6 21. f4 Qe6 22. Qf2 exf4 23. gxf4 Bb8 24. Bf3 Qf5 25. Rcd1 Re6 26. Bd4 Bg4 27. Kh1 Bxf3+ 28. Qxf3 Be5 29. Bc3 Bxc3 30. Nxc3 d4 31. Ne4 dxe3 32. Rf1 Rxd3 33. Rxd3 Rxe4 34. Re1 Ne5 35. Rd8+ Kh7 36. Qg3 Ng4 37. h3 Rxf4 38. Kg2 Qc2+ 39. Kh1 Qf2 40. Rg1 Qxg3 41. Rxg3 Rf1+ 42. Rg1 e2 43. Re8 Nf2+ 44. Kg2 Rxg1+ 45. Kxg1 Nxh3+ 46. Kg2 Nf4+ 47. Kf2 h5 48. Re7 Kg6 49. Re4 Kf5 50. Re7 Kf6 51. Rxb7 h4 52. Rb8 h3 53. Rh8 g5 54. a4 g4 55. Rg8 h2 56. Rxg4 h1=Q 57. Rxf4+ Ke5 0-1

[Event "Washington int."]
[Site "Rockville USA"]
[Date "2016.08.16"]
[Round "7"]
[White "Boros, Denes"]
[Black "Preotu, Razvan"]
[Result "1/2-1/2"]
[WhiteElo "2441"]
[BlackElo "2469"]
[WhiteFideId "-1"]
[WhiteFideId "-1"]
[PlyCount "156"]
[GameId "2130307641776594"]
[EventDate "2016.08.13"]
[EventType "swiss"]
[EventRounds "9"]
[EventCountry "USA"]
[SourceTitle "Mega2016 Update 47"]
[Source "Chessbase"]
[SourceDate "2016.08.26"]
[SourceVersion "1"]
[SourceVersionDate "2016.08.26"]
[SourceQuality "1"]

1. d4 Nf6 2. Bg5 d5 3. Nd2 c5 4. dxc5 Qa5 5. Bxf6 gxf6 6. Ngf3 Qxc5 7. e3 e6 8. c4 Bg7 9. Rc1 O-O 10. a3 dxc4 11. Nxc4 Qe7 12. Bd3 Nd7 13. b4 f5 14. O-O Nf6 15. Nd4 Rd8 16. Qc2 Bd7 17. Na5 Rac8 18. Qb1 Be8 19. Rxc8 Rxc8 20. Rc1 Rd8 21. g3 Ng4 22. Nf3 b6 23. Nb3 Ne5 24. Be2 Nxf3+ 25. Bxf3 Ba4 26. Bc6 Bxc6 27. Rxc6 Qd7 28. b5 Qd5 29. a4 Qf3 30. Rc1 h5 31. Qc2 h4 32. Nd2 Qd5 33. Nf1 h3 34. Qc6 Be5 35. f4 Qxc6 36. Rxc6 Bd6 37. Kf2 Kg7 38. Ke2 f6 39. Nd2 e5 40. Nc4 Bb8 41. Nd2 e4 42. Rc3 Bd6 43. Nb3 Kg6 44. Nd4 Rd7 45. Nc6 Bf8 46. Nb8 Bb4 47. Nxd7 Bxc3 48. Nb8 Kf7 49. Nc6 Ke6 50. Nxa7 Kd7 51. Nc6 Kd6 52. Kd1 Kd7 53. Nb8+ Kc7 54. Nc6 Kd7 55. Ke2 Kd6 56. Nd8 Ke7 57. Nc6+ Kd6 58. Nd4 Bxd4 59. exd4 Kd5 60. Kd2 Kc4 61. Ke3 Kb4 62. d5 Kc5 63. d6 Kxd6 64. Kd4 e3 65. Kxe3 Kc5 66. Kf3 Kb4 67. g4 fxg4+ 68. Kxg4 Kxa4 69. Kxh3 Kxb5 70. Kg4 Kc6 71. Kf5 b5 72. h4 Kd5 73. h5 b4 74. h6 b3 75. h7 b2 76. h8=Q b1=Q+ 77. Kg4 Qd1+ 78. Kg3 Qe1+ 1/2-1/2

[Event "Washington int."]
[Site "Rockville USA"]
[Date "2016.08.16"]
[Round "8"]
[White "Sheng, Joshua"]
[Black "Preotu, Razvan"]
[Result "1-0"]
[WhiteElo "2394"]
[BlackElo "2469"]
[WhiteFideId "-1"]
[WhiteFideId "-1"]
[PlyCount "79"]
[GameId "2130307641776604"]
[EventDate "2016.08.13"]
[EventType "swiss"]
[EventRounds "9"]
[EventCountry "USA"]
[SourceTitle "Mega2016 Update 47"]
[Source "Chessbase"]
[SourceDate "2016.08.26"]
[SourceVersion "1"]
[SourceVersionDate "2016.08.26"]
[SourceQuality "1"]

1. e4 c5 2. Nf3 d6 3. d4 cxd4 4. Nxd4 Nf6 5. Nc3 a6 6. Bg5 Nbd7 7. Bc4 Qb6 8. O-O Qxb2 9. Nd5 Nxd5 10. Rb1 Qc3 11. Bxd5 e6 12. Bxb7 Bxb7 13. Rxb7 Nc5 14. Rb6 Nxe4 15. Be3 Be7 16. Qg4 Nf6 17. Qxg7 Rg8 18. Qh6 Rg6 19. Qh3 Qc4 20. Rfb1 Rc8 21. Qf3 Nd5 22. Rb8 Rxb8 23. Rxb8+ Bd8 24. h3 Qc7 25. Rb3 Qc4 26. Rb7 Bc7 27. Ra7 Kf8 28. Qe4 Nxe3 29. fxe3 d5 30. Qd3 Qc5 31. Qxa6 Bb8 32. Rb7 Be5 33. Qa8+ Kg7 34. Qe8 Bc7 35. Qd7 Qc3 36. Qxc7 Qxe3+ 37. Kh2 Qxd4 38. Qxf7+ Kh6 39. Qxh7+ Kg5 40. Rb3 1-0

[Event "Washington int."]
[Site "Rockville USA"]
[Date "2016.08.17"]
[Round "9"]
[White "Preotu, Razvan"]
[Black "Hilby, Craig"]
[Result "1-0"]
[WhiteElo "2469"]
[BlackElo "2369"]
[WhiteFideId "-1"]
[WhiteFideId "-1"]
[PlyCount "61"]
[GameId "2130307641776610"]
[EventDate "2016.08.13"]
[EventType "swiss"]
[EventRounds "9"]
[EventCountry "USA"]
[SourceTitle "Mega2016 Update 47"]
[Source "Chessbase"]
[SourceDate "2016.08.26"]
[SourceVersion "1"]
[SourceVersionDate "2016.08.26"]
[SourceQuality "1"]

1. d4 Nf6 2. c4 e6 3. Nc3 c5 4. d5 exd5 5. cxd5 d6 6. Nf3 g6 7. Bf4 a6 8. a4 Bg7 9. h3 O-O 10. e3 Qe7 11. Nd2 Nbd7 12. Be2 Ne8 13. O-O f5 14. Bh2 Be5 15. Bxe5 Nxe5 16. Qb3 f4 17. exf4 Rxf4 18. Nce4 Nc7 19. g3 Rf8 20. f4 Nd7 21. Rfe1 Nf6 22. Nxc5 dxc5 23. d6+ Qf7 24. Bc4 Ncd5 25. Re7 Nxe7 26. dxe7 Kg7 27. Bxf7 Rxf7 28. Re1 Bxh3 29. Qxb7 Re8 30. Nc4 Ng8 31. Qxa6 1-0

[Event "Washington op 5th"]
[Site "Rockville"]
[Date "2016.08.15"]
[Round "6"]
[White "Preotu, Razvan"]
[Black "Kiewra, Keaton"]
[Result "0-1"]
[WhiteElo "2469"]
[BlackElo "2426"]
[WhiteFideId "-1"]
[WhiteFideId "-1"]
[PlyCount "80"]
[GameId "1166660773027840"]
[EventDate "2016.08.13"]
[EventType "swiss"]
[EventRounds "9"]
[EventCountry "USA"]
[SourceTitle "CBM 173 Extra"]
[Source "ChessBase"]
[SourceDate "2016.08.29"]
[SourceVersion "1"]
[SourceVersionDate "2016.08.29"]
[SourceQuality "1"]

1. d4 d5 2. c4 e6 3. Nc3 Be7 4. cxd5 exd5 5. Bf4 Nf6 6. e3 Bf5 7. h3 c6 8. g4 Bg6 9. h4 Qb6 10. Qc1 Nxg4 11. h5 Bf5 12. Nge2 Nf6 13. Ng3 Be6 14. Bd3 c5 15. dxc5 Bxc5 16. Kf1 Nbd7 17. Nf5 Bxf5 18. Bxf5 Bd6 19. Bxd7+ Kxd7 20. Bxd6 Qxd6 21. Qd2 Rhe8 22. Rg1 g6 23. hxg6 fxg6 24. Rg5 Re5 25. Nb5 Qe6 26. Rxe5 Qxe5 27. Qa5 Ne4 28. Rd1 Rf8 29. f4 Qh5 30. Qc7+ Ke6 31. Nd4+ Kf6 32. Rd3 Qh3+ 33. Ke1 Qg3+ 34. Ke2 Qg2+ 35. Ke1 Qg1+ 36. Ke2 Qg4+ 37. Ke1 Qh4+ 38. Ke2 Re8 39. b4 Qf2+ 40. Kd1 Qxa2 0-1

[Event "Calgary int."]
[Site "Calgary CAN"]
[Date "2016.07.27"]
[Round "1.6"]
[White "Preotu, Razvan"]
[Black "Peter, Steven"]
[Result "1-0"]
[WhiteElo "2462"]
[BlackElo "2083"]
[WhiteFideId "-1"]
[WhiteFideId "-1"]
[PlyCount "45"]
[GameId "2160767908638367"]
[EventDate "2016.07.27"]
[EventType "swiss"]
[EventRounds "9"]
[EventCountry "CAN"]

1. e4 c5 2. Nf3 e6 3. d4 cxd4 4. Nxd4 a6 5. Nc3 b5 6. Bd3 Qb6 7. Nf3 Qc7 8. O-O Bb7 9. e5 Be7 10. Re1 Nc6 11. Bf4 h6 12. a4 b4 13. Ne4 Qa5 14. Ned2 g5 15. Nc4 Qc7 16. Be3 Kf8 17. Bb6 Qb8 18. Bf1 g4 19. Nfd2 f5 20. Nb3 Bc8 21. Nc5 Ke8 22. g3 Rh7 23. Bg2 1-0

[Event "Calgary int."]
[Site "Calgary CAN"]
[Date "2016.07.28"]
[Round "2.4"]
[White "Langer, Mikhail"]
[Black "Preotu, Razvan"]
[Result "0-1"]
[WhiteElo "2245"]
[BlackElo "2462"]
[WhiteFideId "-1"]
[WhiteFideId "-1"]
[PlyCount "48"]
[GameId "2160767908638384"]
[EventDate "2016.07.27"]
[EventType "swiss"]
[EventRounds "9"]
[EventCountry "CAN"]

1. e4 c5 2. Nf3 d6 3. d4 cxd4 4. Nxd4 Nf6 5. Nc3 a6 6. h3 e5 7. Nde2 h5 8. Bg5 Be6 9. f4 Nbd7 10. f5 Bc4 11. b3 Bxe2 12. Bxe2 Be7 13. a4 d5 14. Bxf6 Nxf6 15. Nxd5 Nxe4 16. O-O Ng3 17. Re1 Bc5+ 18. Kh2 Nxf5 19. Bxh5 Qd6 20. Re4 Bd4 21. Bf3 Qxd5 22. Rh4 Qd6 23. Rxh8+ Ke7 24. Be4 Rxh8 0-1

[Event "Calgary int."]
[Site "Calgary CAN"]
[Date "2016.07.28"]
[Round "3.2"]
[White "Preotu, Razvan"]
[Black "Brown, Michael William"]
[Result "1-0"]
[WhiteElo "2462"]
[BlackElo "2425"]
[WhiteFideId "-1"]
[WhiteFideId "-1"]
[PlyCount "63"]
[GameId "2160767908638397"]
[EventDate "2016.07.27"]
[EventType "swiss"]
[EventRounds "9"]
[EventCountry "CAN"]

1. d4 Nf6 2. c4 e6 3. Nc3 Bb4 4. Qc2 O-O 5. Nf3 b6 6. e4 Bb7 7. Bd3 d5 8. cxd5 exd5 9. e5 Ne4 10. O-O Bxc3 11. bxc3 Nd7 12. Bxe4 dxe4 13. Ng5 Qe7 14. Nxe4 f6 15. Qb3+ Kh8 16. Ba3 c5 17. Nd6 Ba6 18. Nf5 Qe8 19. e6 Bxf1 20. Rxf1 Qg6 21. Qd5 Ne5 22. e7 Rfe8 23. Nd6 cxd4 24. cxd4 Qd3 25. Nxe8 Rxe8 26. Qd8 Nf3+ 27. gxf3 Qg6+ 28. Kh1 Qh5 29. Qd7 Qxf3+ 30. Kg1 Qh5 31. Re1 f5 32. f3 1-0

[Event "Calgary int."]
[Site "Calgary CAN"]
[Date "2016.07.29"]
[Round "4"]
[White "Bodek, Michael"]
[Black "Preotu, Razvan"]
[Result "1/2-1/2"]
[WhiteElo "2408"]
[BlackElo "2452"]
[WhiteFideId "-1"]
[WhiteFideId "-1"]
[PlyCount "63"]
[GameId "2160767908638406"]
[EventDate "2016.07.27"]
[EventType "swiss"]
[EventRounds "9"]
[EventCountry "CAN"]
[SourceTitle "CBM 173 Extra"]
[Source "ChessBase"]
[SourceDate "2016.08.29"]
[SourceVersion "1"]
[SourceVersionDate "2016.08.29"]
[SourceQuality "1"]

1. e4 c5 2. Nf3 d6 3. d4 cxd4 4. Qxd4 Nc6 5. Bb5 Bd7 6. Bxc6 bxc6 7. O-O e5 8. Qd3 Nf6 9. Rd1 h6 10. Nbd2 Be6 11. Nc4 Bxc4 12. Qxc4 Qc7 13. b3 Be7 14. Nh4 g6 15. Nf3 Rc8 16. Qe2 h5 17. c4 O-O 18. c5 d5 19. exd5 Bxc5 20. Qxe5 Qxe5 21. Nxe5 cxd5 22. Nd3 Bd4 23. Rb1 Rc2 24. Bb2 Bxb2 25. Rxb2 Rfc8 26. Rxc2 Rxc2 27. Nb4 Rc5 28. Nd3 Rc2 29. Nb4 Rb2 30. f3 h4 31. Nxd5 Nxd5 32. Rxd5 1/2-1/2

[Event "Calgary int."]
[Site "Calgary CAN"]
[Date "2016.07.30"]
[Round "5.1"]
[White "Preotu, Razvan"]
[Black "Popilski, Gil"]
[Result "1-0"]
[WhiteElo "2462"]
[BlackElo "2542"]
[WhiteFideId "-1"]
[WhiteFideId "-1"]
[PlyCount "57"]
[GameId "2160767908638428"]
[EventDate "2016.07.27"]
[EventType "swiss"]
[EventRounds "9"]
[EventCountry "CAN"]

1. e4 c5 2. Nf3 d6 3. d4 cxd4 4. Nxd4 Nf6 5. Nc3 a6 6. h3 e6 7. g4 Be7 8. Bg2 Nfd7 9. Be3 O-O 10. Qd2 Nc6 11. O-O-O Nde5 12. Nxc6 bxc6 13. b3 d5 14. Kb1 Rb8 15. Ka1 Bb4 16. Qe1 Qf6 17. Bd2 Nf3 18. Bxf3 Qxf3 19. Rg1 Qf6 20. g5 Qe7 21. Na4 Rd8 22. Bc3 d4 23. Bxb4 Rxb4 24. c3 dxc3 25. Qxc3 Rxe4 26. Qxc6 Re2 27. Nc3 Rxf2 28. Rxd8+ Qxd8 29. Rd1 1-0

[Event "Calgary int."]
[Site "Calgary CAN"]
[Date "2016.07.31"]
[Round "7"]
[White "Troff, Kayden"]
[Black "Preotu, Razvan"]
[Result "1-0"]
[WhiteElo "2543"]
[BlackElo "2452"]
[WhiteFideId "-1"]
[WhiteFideId "-1"]
[PlyCount "61"]
[GameId "2160767908638460"]
[EventDate "2016.07.27"]
[EventType "swiss"]
[EventRounds "9"]
[EventCountry "CAN"]
[SourceTitle "CBM 173 Extra"]
[Source "ChessBase"]
[SourceDate "2016.08.29"]
[SourceVersion "1"]
[SourceVersionDate "2016.08.29"]
[SourceQuality "1"]

1. d4 Nf6 2. c4 e6 3. Nf3 d5 4. Nc3 Be7 5. Bg5 O-O 6. e3 h6 7. Bxf6 Bxf6 8. Qc2 c5 9. dxc5 Qa5 10. cxd5 exd5 11. O-O-O Bxc3 12. Qxc3 Qxc3+ 13. bxc3 Be6 14. Nd4 Rc8 15. e4 Rxc5 16. exd5 Bd7 17. c4 Na6 18. Kb2 Rcc8 19. Nb3 Nc5 20. Nxc5 Rxc5 21. Kb3 a5 22. a4 Kf8 23. Bd3 Ke7 24. Rb1 Rc7 25. Rhe1+ Kd6 26. Kc3 Bxa4 27. Rb6+ Kc5 28. Reb1 Ra7 29. Be4 Bd7 30. d6 Rc8 31. Bf5 1-0

[Event "Calgary int."]
[Site "Calgary CAN"]
[Date "2016.08.01"]
[Round "9.2"]
[White "Preotu, Razvan"]
[Black "Mikhalevski, Victor"]
[Result "1-0"]
[WhiteElo "2462"]
[BlackElo "2545"]
[WhiteFideId "-1"]
[WhiteFideId "-1"]
[PlyCount "73"]
[GameId "2160767908638491"]
[EventDate "2016.07.27"]
[EventType "swiss"]
[EventRounds "9"]
[EventCountry "CAN"]

1. e4 e5 2. Nf3 Nc6 3. d4 exd4 4. Bc4 Bc5 5. c3 Nf6 6. e5 d5 7. Be2 Ne4 8. cxd4 Bb6 9. O-O O-O 10. Nc3 Be6 11. Be3 f5 12. exf6 Qxf6 13. Na4 Ne7 14. Qb3 Nf5 15. Nxb6 axb6 16. Ne5 c5 17. Qxb6 Rad8 18. Ng4 Qe7 19. f3 Nfg3 20. hxg3 Nxg3 21. Bg5 Qxg5 22. Qxe6+ Kh8 23. Bb5 Nxf1 24. Rxf1 Qd2 25. dxc5 Qxb2 26. a4 Qb4 27. Qe7 b6 28. Ne5 Rc8 29. Nc6 Qc3 30. cxb6 Rfe8 31. b7 Rb8 32. Qd7 Qe3+ 33. Rf2 Qc1+ 34. Bf1 Qc5 35. Nxb8 Rxb8 36. Kh1 Qc1 37. Qd6 1-0

[Event "World op"]
[Site "Philadelphia USA"]
[Date "2016.07.03"]
[Round "7"]
[White "Preotu, Razvan"]
[Black "Ludwig, John Gabriel"]
[Result "1-0"]
[WhiteElo "2462"]
[BlackElo "2348"]
[WhiteFideId "-1"]
[WhiteFideId "-1"]
[PlyCount "57"]
[GameId "2130307643763469"]
[EventDate "2016.06.30"]
[EventType "swiss"]
[EventRounds "9"]
[EventCountry "USA"]
[SourceTitle "Mega2016 Update 41"]
[Source "Chessbase"]
[SourceDate "2016.07.17"]
[SourceVersion "2"]
[SourceVersionDate "2016.07.17"]
[SourceQuality "1"]

1. e4 c5 2. Nf3 d6 3. d4 cxd4 4. Nxd4 Nf6 5. Nc3 g6 6. Be3 Bg7 7. f3 O-O 8. Qd2 Nc6 9. g4 Be6 10. Nxe6 fxe6 11. O-O-O Ne5 12. Be2 Qc8 13. h4 Nfd7 14. h5 Nc4 15. Bxc4 Qxc4 16. hxg6 hxg6 17. f4 Bxc3 18. bxc3 Qxa2 19. Qh2 Nf6 20. Bd4 e5 21. fxe5 dxe5 22. Qxe5 Qa3+ 23. Kb1 Qd6 24. Qg5 Nxe4 25. Qh6 Kf7 26. Rhf1+ Nf6 27. Bxf6 Qb6+ 28. Kc1 exf6 29. Qh7+ 1-0

[Event "Manchester 03"]
[Site "Manchester"]
[Date "2016.03.03"]
[Round "2"]
[White "Preotu, Razvan"]
[Black "Lenderman, Aleksandr"]
[Result "1/2-1/2"]
[WhiteElo "2468"]
[BlackElo "2623"]
[WhiteFideId "-1"]
[WhiteFideId "-1"]
[PlyCount "107"]
[GameId "1166660297785344"]
[EventDate "2016.03.02"]
[EventType "tourn"]
[EventRounds "10"]
[EventCountry "USA"]
[EventCategory "10"]
[SourceTitle "CBM 171 Extra"]
[Source "ChessBase"]
[SourceDate "2016.04.26"]
[SourceVersion "1"]
[SourceVersionDate "2016.04.26"]
[SourceQuality "1"]

1. e4 e6 2. d4 d5 3. Nd2 c5 4. Ngf3 cxd4 5. exd5 Qxd5 6. Bc4 Qd6 7. O-O Nf6 8. Nb3 Nc6 9. Nbxd4 Nxd4 10. Nxd4 a6 11. Re1 Qc7 12. Qe2 h6 13. g3 b5 14. Bb3 Bc5 15. Bf4 Qb6 16. c3 Bb7 17. Be5 Bxd4 18. Bxd4 Qc6 19. f3 Qxf3 20. Qxf3 Bxf3 21. Rf1 Be2 22. Rf2 Bd3 23. Bxf6 gxf6 24. Rxf6 Ke7 25. Rf4 Rhd8 26. Rd1 a5 27. a3 Rac8 28. Kf2 a4 29. Ba2 Rc5 30. Rd2 h5 31. Rd4 Rxd4 32. cxd4 Rf5+ 33. Ke3 Bc4 34. Bxc4 bxc4 35. Rc2 Rb5 36. h4 c3 37. bxc3 Rb3 38. Kf4 f6 39. Ke4 Rxa3 40. Kd3 Ra1 41. Kc4 a3 42. Kb3 Rg1 43. Ra2 Rxg3 44. Rxa3 f5 45. Kc4 Rh3 46. d5 Rxh4+ 47. Kc5 exd5 48. Ra6 Rh1 49. Kxd5 h4 50. Ke5 h3 51. Ra7+ Kd8 52. Kf4 Rc1 53. Rh7 Rxc3 54. Kxf5 1/2-1/2

[Event "Manchester 03"]
[Site "Manchester"]
[Date "2016.03.04"]
[Round "5"]
[White "Preotu, Razvan"]
[Black "Friedel, Joshua"]
[Result "0-1"]
[WhiteElo "2468"]
[BlackElo "2519"]
[WhiteFideId "-1"]
[WhiteFideId "-1"]
[PlyCount "122"]
[GameId "1166660297822208"]
[EventDate "2016.03.02"]
[EventType "tourn"]
[EventRounds "10"]
[EventCountry "USA"]
[EventCategory "10"]
[SourceTitle "CBM 171 Extra"]
[Source "ChessBase"]
[SourceDate "2016.04.26"]
[SourceVersion "1"]
[SourceVersionDate "2016.04.26"]
[SourceQuality "1"]

1. e4 e5 2. Nf3 Nc6 3. Bb5 a6 4. Ba4 Nf6 5. O-O Be7 6. Re1 b5 7. Bb3 d6 8. c3 O-O 9. h3 Nb8 10. d4 Nbd7 11. Nbd2 Bb7 12. Bc2 Re8 13. Nf1 Bf8 14. Ng3 g6 15. a4 Nb6 16. b3 bxa4 17. bxa4 a5 18. Bd3 Qc8 19. d5 c6 20. Be3 Nbd7 21. c4 Nc5 22. Bxc5 dxc5 23. Qc2 Rb8 24. Rab1 Qc7 25. Ne2 Ba6 26. Rxb8 Rxb8 27. dxc6 Bd6 28. Nc3 Qxc6 29. Nd2 Rb4 30. Nb5 Nd7 31. Nb1 Bxb5 32. axb5 Qa8 33. Nc3 Nb6 34. Na2 Ra4 35. Nc3 Rb4 36. Na2 Ra4 37. Rd1 Bf8 38. Nc3 Rb4 39. Na2 Ra4 40. Bf1 Qc8 41. Nc3 Rb4 42. Qa2 a4 43. Ra1 Qa8 44. Qc2 h5 45. Na2 Rb3 46. Nc3 Rb4 47. Ra3 Qd8 48. Nd5 Nxd5 49. exd5 Qa5 50. Bd3 e4 51. Bf1 f5 52. g4 Bd6 53. gxf5 gxf5 54. Qd1 Qa7 55. Bg2 h4 56. Ra1 a3 57. Qc1 Rb3 58. Qh6 Bf8 59. Qa6 Qg7 60. Rf1 f4 61. Kh1 f3 0-1

[Event "Manchester 03"]
[Site "Manchester"]
[Date "2016.03.05"]
[Round "7"]
[White "Lenderman, Aleksandr"]
[Black "Preotu, Razvan"]
[Result "1-0"]
[WhiteElo "2623"]
[BlackElo "2468"]
[WhiteFideId "-1"]
[WhiteFideId "-1"]
[PlyCount "81"]
[GameId "1166660297846784"]
[EventDate "2016.03.02"]
[EventType "tourn"]
[EventRounds "10"]
[EventCountry "USA"]
[EventCategory "10"]
[SourceTitle "CBM 171 Extra"]
[Source "ChessBase"]
[SourceDate "2016.04.26"]
[SourceVersion "1"]
[SourceVersionDate "2016.04.26"]
[SourceQuality "1"]

1. d4 Nf6 2. c4 c5 3. d5 e6 4. Nc3 exd5 5. cxd5 d6 6. Nf3 g6 7. Bf4 a6 8. a4 Bg7 9. h3 O-O 10. e3 Ne8 11. Be2 Nd7 12. O-O Ne5 13. Bxe5 dxe5 14. a5 Nd6 15. Nd2 Bf5 16. e4 Bd7 17. Nc4 Qe7 18. Nxd6 Qxd6 19. Na4 Bxa4 20. Rxa4 Rfc8 21. Qb3 Rab8 22. Rc1 Bf8 23. Qe3 Qf6 24. g3 Bd6 25. b3 Rf8 26. Rf1 Qg7 27. Bd3 Kh8 28. Qf3 Rbd8 29. Kg2 Qh6 30. Rd1 Rd7 31. Ra2 f6 32. Qg4 Rff7 33. h4 Rd8 34. Rh1 Qf8 35. h5 g5 36. h6 Qe8 37. Be2 Qd7 38. Qxd7 Rdxd7 39. Bg4 Rc7 40. Rc2 Rfe7 41. Be6 1-0

[Event "Manchester 03"]
[Site "Manchester"]
[Date "2016.03.06"]
[Round "9"]
[White "Friedel, Joshua"]
[Black "Preotu, Razvan"]
[Result "0-1"]
[WhiteElo "2519"]
[BlackElo "2468"]
[WhiteFideId "-1"]
[WhiteFideId "-1"]
[PlyCount "106"]
[GameId "1166660297867264"]
[EventDate "2016.03.02"]
[EventType "tourn"]
[EventRounds "10"]
[EventCountry "USA"]
[EventCategory "10"]
[SourceTitle "CBM 171 Extra"]
[Source "ChessBase"]
[SourceDate "2016.04.26"]
[SourceVersion "1"]
[SourceVersionDate "2016.04.26"]
[SourceQuality "1"]

1. c4 c5 2. g3 Nc6 3. Bg2 g6 4. Nc3 Bg7 5. Nf3 d6 6. O-O e5 7. a3 Nge7 8. Rb1 a5 9. d3 O-O 10. Bg5 f6 11. Bd2 Be6 12. Na4 Rb8 13. b4 axb4 14. axb4 b6 15. Ne1 Qd7 16. Nc2 Nd4 17. Nc3 f5 18. Bg5 Nec6 19. b5 Nb4 20. Nxb4 cxb4 21. Nd5 f4 22. Ne7+ Kh8 23. Bc6 Qc7 24. Rxb4 Nxc6 25. Nxc6 h6 26. Nxb8 Qxb8 27. Be7 Rf7 28. Bh4 g5 29. Bxg5 hxg5 30. Ra4 e4 31. dxe4 Be5 32. Qd3 Qf8 33. Qa3 Qg7 34. Rd1 Qf6 35. Ra8+ Kg7 36. Ra7 Bxc4 37. Rxf7+ Qxf7 38. Qf3 fxg3 39. hxg3 Qxf3 40. exf3 Be2 41. Rc1 Bd4 42. f4 g4 43. Rc7+ Kf6 44. e5+ dxe5 45. fxe5+ Ke6 46. Rg7 Bxe5 47. Rg8 Kd5 48. Rg5 Ke4 49. Kg2 Bd4 50. Rh5 Kd3 51. Kh2 Kc4 52. Rh4 Bf3 53. Rh5 Bc5 0-1

[Event "Manchester GM 2016.03"]
[Site "Manchester USA"]
[Date "2016.03.02"]
[Round "1"]
[White "Preotu, Razvan"]
[Black "Shmeliov, Denis"]
[Result "1/2-1/2"]
[WhiteElo "2468"]
[BlackElo "2412"]
[WhiteFideId "-1"]
[WhiteFideId "-1"]
[PlyCount "90"]
[GameId "2130307647500695"]
[EventDate "2016.03.02"]
[EventType "tourn"]
[EventRounds "10"]
[EventCountry "USA"]
[EventCategory "10"]
[SourceTitle "Mega2016 Update 23"]
[Source "Chessbase"]
[SourceDate "2016.03.11"]
[SourceVersion "1"]
[SourceVersionDate "2016.03.11"]
[SourceQuality "1"]

1. e4 c5 2. Nf3 d6 3. d4 cxd4 4. Nxd4 Nf6 5. Nc3 g6 6. Be3 Bg7 7. f3 O-O 8. Qd2 Nc6 9. g4 Be6 10. Nxe6 fxe6 11. O-O-O Ne5 12. Be2 Qc8 13. h4 Nfd7 14. f4 Nc4 15. Bxc4 Qxc4 16. e5 Rad8 17. exd6 Nf6 18. Qd4 Qxd4 19. Bxd4 exd6 20. Rhg1 a6 21. Rde1 Rde8 22. Re2 Rf7 23. a4 Nd7 24. Bxg7 Kxg7 25. Rd1 Rxf4 26. Rxd6 Nc5 27. Rb6 a5 28. Rb5 Rc8 29. Re5 b6 30. Rxb6 Rxg4 31. h5 Kf6 32. Re2 gxh5 33. Rb5 Nxa4 34. Ne4+ Kg7 35. c3 Rc4 36. Rb7+ Kh6 37. Nd6 Rg1+ 38. Kc2 Rf4 39. Nf7+ Kg6 40. Nh8+ Kf5 41. b3 Nxc3 42. Kxc3 Rg3+ 43. Kd2 h4 44. Rf7+ Kg4 45. Rxh7 Rxb3 1/2-1/2

[Event "Manchester GM 2016.03"]
[Site "Manchester USA"]
[Date "2016.03.03"]
[Round "3"]
[White "Sriram, Jha"]
[Black "Preotu, Razvan"]
[Result "1/2-1/2"]
[WhiteElo "2430"]
[BlackElo "2468"]
[WhiteFideId "-1"]
[WhiteFideId "-1"]
[PlyCount "167"]
[GameId "2130307647500697"]
[EventDate "2016.03.02"]
[EventType "tourn"]
[EventRounds "10"]
[EventCountry "USA"]
[EventCategory "10"]
[SourceTitle "Mega2016 Update 23"]
[Source "Chessbase"]
[SourceDate "2016.03.11"]
[SourceVersion "1"]
[SourceVersionDate "2016.03.11"]
[SourceQuality "1"]

1. d4 Nf6 2. c4 g6 3. g3 Bg7 4. Bg2 O-O 5. Nf3 d6 6. O-O Nc6 7. Nc3 a6 8. Bf4 Rb8 9. Rc1 h6 10. h3 Na5 11. Nd5 Nh5 12. Bd2 Nc6 13. g4 Nf6 14. Nxf6+ exf6 15. d5 Ne5 16. Nd4 f5 17. gxf5 gxf5 18. Be3 Ng6 19. Qd2 f4 20. Bxf4 Qh4 21. e3 Nxf4 22. exf4 Qf6 23. Rfd1 Re8 24. Rc3 Bd7 25. Rg3 Kh8 26. b3 Re7 27. Bf3 Rbe8 28. Kg2 Bf5 29. Nxf5 Qxf5 30. Bg4 Qf6 31. Re3 Qb2 32. Qxb2 Bxb2 33. Rde1 Rxe3 34. fxe3 Bc3 35. Re2 Kg7 36. Kf3 a5 37. a3 b6 38. Bd7 Re7 39. Rg2+ Kf8 40. Bc6 f5 41. Bb7 Re8 42. h4 Kf7 43. h5 Rg8 44. Rxg8 Kxg8 45. Bc8 Bb2 46. c5 bxc5 47. a4 Kf7 48. Bxf5 Kf6 49. Bg6 Bc1 50. Ke2 Ke7 51. Kd3 Kf6 52. Be4 Ke7 53. Bf5 Kf6 54. Be6 Ke7 55. f5 Kf6 56. e4 Ke5 57. Kc4 Bd2 58. Kb5 Be1 59. Kc6 Bg3 60. Kxc7 Bf4 61. Kb6 Bd2 62. Kc6 Bf4 63. Bc8 Bg3 64. Ba6 Bf4 65. Bd3 Bg5 66. Bc2 Bh4 67. Kd7 Bg5 68. Ke8 Kf6 69. Kf8 Bf4 70. Ke8 Bg5 71. Kd7 Ke5 72. Kc6 Bh4 73. Kb5 Bd8 74. Bb1 Kf6 75. Bd3 Ke5 76. Bc2 Kf6 77. Kc6 Ke5 78. Kd7 Bg5 79. Ke8 Kf6 80. Bd3 Bh4 81. Bb5 Bg5 82. Bd3 Bh4 83. Bb5 Bg5 84. Bd3 1/2-1/2